000 01905nam a2200241 4500
001 ESSALUD
007 ta
008 t2026 pe ||||| |||| 00| 0 spa d
040 _aBMG
041 _aspa
100 _aPérez Cuello, Mónica
_eautor
_952705
245 _aMediastinoscopía modificada con óptica de toracoscopía para el estadiaje invasivo del cáncer de pulmón no microcítico en un hospital de Lima, Perú
300 _apáginas 58-62
520 _aEn centros donde no se dispone de videomediastinoscopia (VAM) ni ultrasonido endobronquial (EBUS), la cirugía es esencial para el diagnóstico y estadiaje de Cáncer de pulmón no microcítico (CPNM). Experiencia inicial con mediastinoscopia modificada con óptica de toracoscopia (MMOT) y sus resultados en el estadiaje invasivo del CPNM. Se reporta una serie de seis casos con diagnóstico de CPNM estadio clínico IIb- IIIb sometidos a MMOT en el Hospital Nacional Guillermo Almenara Irigoyen (HNGAI) entre marzo y junio del 2025. Se describe la técnica quirúrgica, características clínicas, hallazgos quirúrgicos y resultados inmediatos. La técnica permitió un adecuado acceso y visualización de las estaciones ganglionares 2R , 4R, 4L y 7 en todos los casos sin registrarse complicaciones en el postoperatorio. Conclusión: la MMOT es una alternativa segura y factible para estadiaje invasivo del mediastino en CPNM en centros sin acceso a VAM o EBUS.
650 _aMEDIASTINOSCOPÍA
_952706
650 _aCARCINOMA DE PULMÓN DE CÉLULAS NO PEQUEÑAS
_934582
650 _aESTADIFICACIÓN DE NEOPLASIAS
_936613
650 _aNEOPLASIAS PULMONARES
_911731
700 _aPalacios León, José
_eautor
_952707
700 _aTaipe Mallqui, Ricardo Luis
_eautor
_952708
773 0 _022497
_922595
_dLima : IETSI
_oCITES01
_tCiencia y Tecnología aplicada a la Salud Pública
_wESSALUD
_x3119-7981
942 _cARTICULOS
_e2026-06-11
_zAFC
999 _c22524
_d22524